000 00713nam a22002177a 4500
003 Ost
005 20140310184528.0
008 131115t xxu||||| |||| 00| 0 eng d
020 _a0753405164
050 _aQB 46
_b.St952 2006
100 _aStott, Carole.
_930471
245 _aI wonder why :
_bStars twinkle and other questions about space /
_cCarole Stott.
260 _aLondon :
_bKingfisher,
_c2006.
300 _a32 p. :
_bill. col. ;
_c28 cm.
650 _aAstronomy
_xMiscellanea
_xJuvenile literature.
_930472
650 _aSpace sciences
_xMiscellanea
_xJuvenile literature.
_930473
650 _aQuestions and answers.
_94945
650 _aAstronomy.
_91180
942 _2lcc
_cBK-SCHOLAS
999 _c35181
_d35181